| 000 | 00736cam a22002413a 4500 | ||
|---|---|---|---|
| 001 | 12253 | ||
| 003 | PGUSA | ||
| 005 | 20140828083247.0 | ||
| 008 | 040501s2004||||xxu|||||s|||||000 | eng d | ||
| 040 |
_aPGUSA _beng |
||
| 042 | _adc | ||
| 050 | 4 | _aZ | |
| 100 | 1 | _aD. D. Cottrell's Subscription Agency | |
| 245 | 1 | 0 |
_aWholesale Price List of Newspapers and Periodicals _h[electronic resource] / _cD. D. Cottrell's Subscription Agency |
| 260 |
_bProject Gutenberg, _c2004 |
||
| 506 | _aPublic domain in the USA. | ||
| 516 | _aElectronic text | ||
| 653 | _aPeriodicals -- Directories | ||
| 653 | _aNewspapers -- Directories | ||
| 830 | 0 |
_aProject Gutenberg _v12253 |
|
| 856 | 4 | 0 | _uhttp://www.gutenberg.org/ebooks/12253 |
| 942 | _cEB | ||
| 999 |
_c241508 _d241508 |
||